00274nam a2200109Ia 4500008004000000020001800040082001800058100001900076245003500095260002600130300000800156210210b1998 xxu||||| |||| 00| 0 eng d a0 7497 1927 3 a823.0872 BLYI aBLYTON (Enid). aIn the fifth at malory towers. aLondonbMammothc1998 a143